| 000 | 01960nam a2200493 c 4500 | ||
|---|---|---|---|
| 001 | 12344 | ||
| 003 | ES-MaCES | ||
| 005 | 20160601114907.0 | ||
| 008 | 010703s1999 sp t 100 | spa d | ||
| 017 |
_aM 40491-1999 _bDL |
||
| 020 | _a8489743118 | ||
| 035 | _aCES20010009267m | ||
| 040 |
_aES-MaCES _bspa _cES-MaCES |
||
| 041 | 0 |
_aspa _afre _apor |
|
| 111 | 2 |
_aColoquio América Latina y Europa _n6º _d1996 _cMadrid _9687 |
|
| 245 | 1 | 3 |
_aLa deuda externa _b: dimensión jurídica y política _cVI Coloquio América Latina y Europa ; Antonio Colomer Viadel (coord.), André Franco Montoro y otros |
| 260 |
_aMadrid _bIEPALA _bConsejo Español de Estudios Iberoamericanos _c1999 |
||
| 300 |
_a356 p. _c24 cm |
||
| 490 | 1 |
_aColección Problemas internacionales _v26 |
|
| 500 | _aTextos en español, francés y portugués | ||
| 500 | _aEn la port.: Grupo de Trabajo de Jurisprudencia de CEISAL | ||
| 541 | _cCompra | ||
| 650 | 4 |
_adeuda externa _928159 |
|
| 650 | 4 |
_asistema monetario internacional _928167 |
|
| 650 | 4 |
_apolítica económica _927025 |
|
| 650 | 4 |
_aética _927324 |
|
| 650 | 4 |
_aderechos humanos _927171 |
|
| 650 | 4 |
_amecanismo de control _929918 |
|
| 650 | 4 |
_aderecho internacional _926684 |
|
| 650 | 4 |
_atribunal internacional _929887 |
|
| 650 | 4 |
_aAmérica Latina _926882 |
|
| 650 | 4 |
_apaís en desarrollo _927092 |
|
| 650 | 4 |
_aconferencia _927013 |
|
| 653 | 1 | 0 | _aFinanciación |
| 700 | 1 |
_aFranco Montoro, André _912366 |
|
| 700 | 1 |
_aColomer Viadel, Antonio _ecol. _99836 |
|
| 710 | 2 |
_aInstituto de Estudios Políticos para América Latina y el Caribe _eed. _94162 |
|
| 710 | 2 |
_aConsejo Español de Estudios Iberoamericanos _eed. _92452 |
|
| 710 | 2 |
_aConsejo Europeo de Investigaciones Sociales de América Latina _bGrupo de Trabajo de Jurisprudencia _92485 |
|
| 830 | 0 |
_aColección Problemas internacionales _v26 _933648 |
|
| 902 | _aLIB Libro | ||
| 942 |
_2CES _cBK _h0.0. |
||
| 999 |
_c12344 _d12344 |
||